Ella Baila Sola - Peso Pluma y Eslabon Armado - Estadísticas

Estadísticas generales
  • Esta prueba ha sido intentada 109 veces
  • La puntuación promedio es 84 de 151
Estadísticas de respuestas
Respuesta % Correcto
baila
97%
que
97%
sola
95%
es
94%
la
94%
pa'
94%
pa
94%
mi
93%
morra
93%
a
92%
el
92%
le
92%
esta
91%
buena
90%
compa
90%
parece
90%
bailando
89%
ella
87%
gusta
87%
me
87%
anda
86%
sabe
86%
esa
84%
bella
78%
todo
74%
y
71%
todos
68%
como
66%
un
62%
se
56%
acerco
54%
mirandola
53%
verbo
53%
dije
52%
familia
51%
no
51%
te
51%
tu
51%
va
49%
de
48%
su
48%
dijo
47%
voy
47%
conquistar
46%
yo
46%
mia
45%
pero
45%
ser
45%
ni
44%
actua
43%
loco
43%
tiro
43%
vato
43%
ningun
41%
por
41%
vas
41%
solo
40%
tan
40%
unos
40%
dias
39%
sin
38%
tragos
37%
estoy
36%
juro
36%
modelo
36%
era
34%
muy
34%
sus
34%
tentacion
34%
tomamos
34%
Dios
33%
soy
33%
cuerpo
32%
gusto
32%
ojos
32%
al
30%
corazon
30%
del
30%
enamoraron
28%
agarro
26%
cinturita
26%
hablando
26%
perfecta
26%
tiene
26%
desde
25%
mano
25%
principio
25%
las
24%
cumplo
23%
varo
23%
pasar
22%
peros
20%
fui
18%
ahi
16%
armado
16%
eslabon
16%
viejo
16%
creyo
15%
plebitas
15%
mija
13%
puro
11%
asi
10%
( cha
10%
doble p
10%
chau)
9%
pedro
8%
nomas
7%
me gusta
5%
pagadito
0%
No se encontraron pruebas coincidentes
Distribución de puntuación
Porcentaje de gente con cada puntuación
Porcentaje por número respondido
Historial de tus puntuaciones
No has intentado esta prueba.